Ottoman odyssey : travels through a lost empire

Bibliographic Details
Main Author: Scott, Alev
Format: Book
Published: London : Riverrun , 2019
Subjects:

MARC

LEADER 00000cam a2200000 7i4500
001 0000278995
005 20210309113256.0
020 |a 9781784293710 
090 0 0 |a 914.96045   |b SCO 
100 1 |a Scott, Alev 
245 1 0 |a Ottoman odyssey :   |b travels through a lost empire   |c Alev Scott 
260 |a London :   |b Riverrun ,   |c 2019 
300 |a 292p. ;   |c 20cm. 
600 0 0 |a Scott, Alev ,   |d 1987-   |x Travel 
651 0 |a Balkan Peninsula   |x Description and travel 
651 0 |a Middle East   |x Description and travel 
999 |a 00385933   |b BUKU   |c PINJAMAN   |e PERPUSTAKAAN KOMUNITI CAW BANDAR UTAMA